| 000 | 00561 a2200193 4500 | ||
|---|---|---|---|
| 020 | _a0805306625 | ||
| 040 |
_aDLC _bDLC |
||
| 082 | 0 | 0 | _a004 |
| 100 | 1 | _aCapron, H. L. | |
| 245 | 1 | 0 |
_aComputers : tools for an information age _cH.L. Capron. |
| 250 | _a4th ed. | ||
| 260 |
_aMenlo Park, CA : _bBenajmin/Cummings Pub. Co., _c1996. |
||
| 300 |
_a429 p. : _bill. ; _c27 cm. |
||
| 500 | _aRev. ed. of: Computers & information systems. 3rd. ed. c1993. | ||
| 500 | _aIncludes index. | ||
| 650 | 0 | _aComputers. | |
| 700 | 1 | _aCapron, H. L. | |
| 942 |
_cBK _k004 CAP _2ddc |
||
| 999 |
_c5237 _d5237 |
||